UM Logo

Practicum manual for criminology interns and professionals/ (Record no. 3687)

MARC details
000 -LEADER
fixed length control field 00556nam a22001577a 4500
008 - FIXED-LENGTH DATA ELEMENTS--GENERAL INFORMATION
fixed length control field 151109b xxu||||| |||| 00| 0 eng d
020 ## - INTERNATIONAL STANDARD BOOK NUMBER
International Standard Book Number 978-971-95775-9-1
082 ## - DEWEY DECIMAL CLASSIFICATION NUMBER
Edition number 2014
Classification number DFil 370.113
Item number N16p
100 ## - MAIN ENTRY--PERSONAL NAME
9 (RLIN) 12277
Personal name Narra, Donald Barroga
245 ## - TITLE STATEMENT
Title Practicum manual for criminology interns and professionals/
Statement of responsibility, etc. Donald Barroga Narra.
260 ## - PUBLICATION, DISTRIBUTION, ETC. (IMPRINT)
Place of publication, distribution, etc. Quezon City:
Name of publisher, distributor, etc. ChapterHouse Publishing, Incorparated,
Date of publication, distribution, etc. c2014
300 ## - PHYSICAL DESCRIPTION
Extent viii, 106 pages
Other physical details illustrations;
Dimensions 28 cm.
650 #0 - SUBJECT ADDED ENTRY--TOPICAL TERM
9 (RLIN) 12279
Topical term or geographic name as entry element Job Training
Form subdivision Manuals
365 ## - TRADE PRICE
Price amount 388.00
Currency code Php
942 ## - ADDED ENTRY ELEMENTS (KOHA)
Source of classification or shelving scheme Dewey Decimal Classification
Koha item type Filipiniana
Holdings
Withdrawn status Lost status Source of classification or shelving scheme Damaged status Not for loan Collection code Home library Current library Date acquired Source of acquisition Total Checkouts Full call number Barcode Date last seen Copy number Cost, replacement price Price effective from Koha item type
    Dewey Decimal Classification     Filipiniana UM Digos College - LIC UM Digos College - LIC 07/25/2016 Purchased   DFil 370.113 N16p 2014 24094 05/15/2025 1 388.00 08/04/2016 Filipiniana
    Dewey Decimal Classification     Filipiniana UM Digos College - LIC UM Digos College - LIC 07/25/2016 Purchased   DFil 370.113 N16p 2014 24095 05/15/2025 2 388.00 08/04/2016 Filipiniana
    Dewey Decimal Classification     Filipiniana UM Digos College - LIC UM Digos College - LIC 07/25/2016 Purchased   DFil 370.113 N16p 2014 24096 05/15/2025 3 388.00 08/04/2016 Filipiniana
    Dewey Decimal Classification     Filipiniana UM Digos College - LIC UM Digos College - LIC 07/25/2016 Purchased   DFil 370.113 N16p 2013 24097 05/15/2025 4 388.00 08/04/2016 Filipiniana
    Dewey Decimal Classification     Filipiniana UM Digos College - LIC UM Digos College - LIC 07/25/2016 Purchased   DFil 370.113 N16p 2013 24098 05/15/2025 5 388.00 08/04/2016 Filipiniana